| 000 | 01072cam a22003375i 4500 | ||
|---|---|---|---|
| 001 | 127262 | ||
| 005 | 20230410115427.0 | ||
| 008 | 170130s2017 scu 000 0 eng | ||
| 035 | _a19471087 | ||
| 010 | _a 2017932465 | ||
| 020 | _a9781599326634 | ||
| 040 |
_aDLC _beng _erda _cDLC |
||
| 041 | _aEng | ||
| 042 | _apcc | ||
| 050 | 1 | 4 |
_aHD 58.7 _bW588c 2017 |
| 100 | 1 | _aWhite, Tristan. | |
| 245 | 1 | 0 |
_aCulture is everything : _bthe story and system of a start-up that became Australia's best place to work / _cTristan White. |
| 260 |
_aCharleston, SC : _bAdvantage Media Group, _c2017. |
||
| 300 |
_a130 p. ; _c23 cm |
||
| 650 | 0 | _aCorporate culture. | |
| 650 | 0 | _aWork environment. | |
| 650 | 0 | _aQuality of work life. | |
| 650 | 0 | _aEmployee motivation. | |
| 650 | 0 | _aOrganizational behavior. | |
| 650 | 4 | _aCultura corporativa. | |
| 650 | 4 | _aAmbiente de trabajo. | |
| 650 | 4 | _aMotivación del empleado. | |
| 942 |
_2lcc _cbk |
||
| 946 | _advf | ||
| 963 | _aMegan Elger; phone: (843) 414-5600; email: melger@advantageww.com; bc: pboysen@advantageww.com | ||
| 999 |
_c40950 _d40950 |
||